00377 a2200157 4500003000400000005001700004008004100021020001800062040000900080082001500089100001600104245003600120250001200156260004200168300000900210OSt20231204094116.0231204b |||||||| |||| 00| 0 eng d a9789355494351 coclc a920bRAK/N aRakesh, P S aNjan Nadia Murad /cP.S. Rakesh a6th ed. aKozhikode:bMathrubhumi books,c2022. a96p.